000 01397nam a2200325 4500
003 EG-GICUC
005 20260121101216.0
008 251112s1986 ua ||||fr|||| 00| 0 ara d
017 _a19855882
020 _a9770107832
040 _a EG-GICUC
_bara
_c EG-GICUC
_d EG-GICUC
_erda
041 0 _aara
082 0 4 _221
_a341.84
_bع ز . ق
092 0 4 _221
099 _aLaw1 12 341.84 ع ز . ق 9 ed - 1986
100 0 _aعز الدين عبد الله
_eمؤلف.
245 1 2 _aالقانون الدولي الخاص /
_cعز الدين عبد الله .
_pفي تنازع القوانين وتنازع الاختصاص القضائي الدوليين
_nالجزء الثاني
250 _aالطبعة التاسعة
264 1 _aالقاهرة:
_bالهيئة المصرية العامة للكتاب،
_c1986.
300 _a1057 ؛صفحة
_c24 سم
336 _2rda content
_atext
337 _2rda media
_aComputer
338 _2rda carrier
_aOnline Resource
504 _aيحتوي على ارجاعات ببليوجرافية يحتوي على قائمة بالمراجع
546 _aالنص أغلبه باللغة العربية مع بعض النصوص الفرنسية
650 1 _aتنازع القوانين
_xالقانون الدولى الخاص
856 4 0 _uhttps://fll.law.cu.edu.eg/fulltext/bks/B12-01092.pdf
905 _a75
942 _2ddc
_n0
_cBK
_e21
999 _c42940
_d42940